000 00448pab a2200169 454500
008 180718b2007 xxu||||| |||| 00| 0 eng d
100 _aSinha, Ram Pratap
245 _aPerformance evaluation of Indian commercial banks using the super efficiency approach
260 _c2007
300 _ap.552-64.
362 _aNov
650 _aBanks - India
650 _aBanks
773 _aManagement and Labour Studies
908 _aN
909 _a76718
999 _c76718
_d76718